000 01348nam a2200301 i 4500
003 CSPC
005 20241216094808.0
008 230704s2019 nyu b 001 0 eng d
020 _a9781948976398
_q(paperback)
040 _aCSPC
_beng
_cCSPC
_eeng
050 4 _aHD69.P75
_bW45
082 4 _a658.4
_bW462p
100 1 _aWells, Kathryn N.,
_dauthor.
245 1 0 _aProject management essentials /
_cKathryn N. Wells and Timothy J. Kloppenborg.
250 _aSecond edition.
264 1 _aNew York, NY :
_bBusiness Expert Press,
_c2019.
300 _aviii, 133 pages :
_billustrations ;
_c23 cm.
336 _atext
_2rdacontent
337 _aunmediated
_2rdamedia
338 _avolume
_2rdacarrier
490 _aPortfolio and project management collection
500 _aIncludes bibliographical references and index.
505 0 _aIntroduction to project management -- Selecting and initiating a project -- Engaging your team and other stakeholders -- Determining what your project will deliver -- Project scheduling -- Budgeting and baselining your project -- Directing project performance.
650 0 _aProject management.
700 1 _aKloppenborg, Timothy J.,
_eauthor.
942 _2ddc
_n0
_cBK
_h658.4
_m2019
_kENG
_iW462p
999 _c25788
_d25788